00439 2200181 4500001002100000005001500021008004100036020001800077035001900095041000700114082001000121090001600131100001400147245002600161260002900187300002600216650001500242INLIS00000000001360920241224114605241224||||||||| | ||| |||| || |  a979-744-387-6 0010-1224013609 aid0 a741.5 a741.5 JUS.p0 aJusuf D.C00aPetualangan Antariksa aJakartabGaneca Exactc- a60 hlm.; ilus.; 29 cm 0afiksi anak